000 00771nam a2200253Ia 4500
003 OSt
005 20221005035238.0
006 a|||||r|||| 00| 0
007 ta
008 221004b |||||||| |||| 00| 0 eng d
020 _a8185216436 (pbk)
_cIndian Rupees 2000
024 _a65619
037 _bGift, 02/02/2021,
_cTextual
040 _aCRL
_cCRL
_beng
041 _2eng
_aeng
082 _a2:(D65,8(B)), Q0
100 _aD. V. Singh Au.
_9588087
245 0 _aLibrary and information sicence in the digital era
260 _aDelhi
_bIndian Library Association India
_c2010
300 _axviii,933p.
_ccm.
650 _aLIBRARY SCIENCE
942 _h2:(D65,8(B)), Q0
_cTEXL
_2cc
999 _c944797
_d944797